BEST LOVED GOODNIGHT TALES (Record no. 89)
[ view plain ]
| 000 -LEADER | |
|---|---|
| fixed length control field | 00313nam a22001337a 4500 |
| 020 ## - INTERNATIONAL STANDARD BOOK NUMBER | |
| ISBN | 0-75253-504-8 |
| 082 ## - DEWEY DECIMAL CLASSIFICATION NUMBER | |
| Classification number | 823 |
| Item number | PAR/B |
| 100 ## - MAIN ENTRY--AUTHOR NAME | |
| Personal name | PARRAGON BOOK |
| 245 ## - TITLE STATEMENT | |
| Title | BEST LOVED GOODNIGHT TALES |
| 260 ## - PUBLICATION, DISTRIBUTION, ETC. (IMPRINT) | |
| Place of publication | ITALY |
| Name of publisher | PARRAGON BOOK |
| Year of publication | 2000 |
| 300 ## - PHYSICAL DESCRIPTION | |
| Number of Pages | 384 |
| 650 ## - SUBJECT ADDED ENTRY--TOPICAL TERM | |
| Topical Term | BEDTIME STORIES FOR CHILDREN |
| Geographic subdivision | ITALY |
| 942 ## - ADDED ENTRY ELEMENTS (KOHA) | |
| Koha item type | Books |
| Withdrawn status | Lost status | Home library | Current library | Shelving location | Date acquired | Full call number | Accession Number | Koha item type | Collection code | Source of acquisition | Cost, normal purchase price |
|---|---|---|---|---|---|---|---|---|---|---|---|
| Main Library | Main Library | SHELF-12A-JACQELINE WILSON,HORRID HENTRY | 06/02/2019 | 823 PAR/B | 11107 | Books | |||||
| Main Library | Main Library | SHELF 4-D MYTHOLOGY | 12/03/2012 | 823 PAR/B | 06379 | Books | Fiction | Purchase | 35.00 |